| 000 | 00477nam a2200181Ia 4500 | ||
|---|---|---|---|
| 005 | 20250116004448.0 | ||
| 008 | 240331s9999 xx 000 0 und d | ||
| 020 | _a0195643127 | ||
| 082 |
_bGUH _a934 |
||
| 100 | _aGuha, R | ||
| 245 | 0 |
_aDominanace without hegemony : _bhistory and power in colonial India |
|
| 260 |
_aNew Delhi _bOxford university _c1998 |
||
| 300 |
_aXv, 245 p ., _e |
||
| 650 | _aSocial | ||
| 650 | _aColonialism | ||
| 650 | _aIndia History | ||
| 942 | _cL | ||
| 999 |
_c3425 _d3425 |
||